Länder an Flaggenteilen erkennen - Statistiken

Allgemein
  • Dieses Quiz wurde 514 mal gespielt
  • Das Durchschnittsergebnis liegt bei 8 aus 10
Antwortstatistiken
Bildquiz Antwort % Korrekt
Slowakei
96%
Irak
94%
Andorra
92%
Kenia
90%
Neuseeland
90%
Kambodscha
88%
Mexiko
82%
Belize
78%
St. Vincent und die Grenadinen
72%
Eritrea
55%
Keine übereinstimmenden Quizze gefunden
Verteilung der Resultate
Anzahl Personen mit jedem Resultat
Perzentil nach korrekt beantworteten Fragen
Ihre Resultats-Entwicklung
Sie haben dieses Quiz noch nicht gespielt